[Event "CZE-chT2E 2122"]
[Site "Czech Republic"]
[Date "2022.03.20"]
[Round "10.8"]
[White "Palica, Jiri"]
[Black "Polansky, Jiri"]
[Result "0-1"]
[WhiteElo "1887"]
[BlackElo "1806"]
[PlyCount "88"]
[EventDate "2021.10.17"]
[EventType "team-tourn"]
[EventRounds "11"]
[EventCountry "CZE"]
[SourceTitle "EXT 2024"]
[Source "ChessBase"]
[SourceDate "2023.10.10"]
[SourceVersion "1"]
[SourceVersionDate "2023.10.10"]
[SourceQuality "1"]
[WhiteTeam "Zlin"]
[BlackTeam "Jihlava Gambit"]
[WhiteTeamCountry "CZE"]
[BlackTeamCountry "CZE"]

1. c4 e6 2. g3 d5 3. Bg2 Nf6 4. Nf3 Be7 5. 0-0 0-0 6. b3 c5 7. cxd5 exd5 8. d4 Nc6 9. Bb2 Bf5 10. Nc3 Ne4 11. Rc1 b6 12. e3 Rc8 13. Ba3 Nxc3 14. Rxc3 c4 15. Bxe7 Nxe7 16. bxc4 Rxc4 17. Qb3 Qc7 18. Rfc1 Rc8 19. Rxc4 dxc4 20. Qb5 Bd7 21. Qe5 Ng6 22. Qxc7 Rxc7 23. Rc3 b5 24. Nd2 f5 25. Bd5+ Kf8 26. Kf1 Ne7 27. Bg2 Bc6 28. Bxc6 Rxc6 29. Ke2 Nd5 30. Rc1 a6 31. a3 Ke7 32. h4 a5 33. Nf3 c3 34. Ne5 Rb6 35. Kd3 b4 36. e4 fxe4+ 37. Kxe4 Ke6 38. f4 g6 39. Nc4 Rb5 40. a4 Rb8 41. Nxa5 b3 42. Re1 b2 43. Kd3+ Kd7 44. Kc2 Ne3+ 0-1